Villanueva y Geltrú : la ciudad marinera / la ciudad marinera /
Descripción Física:
Il·lustracions
Colección:
San Jorge,
; núm. 19 (juliol 1955), pàg 22-25
Otros Autores:
Léonard, Jacques, 1909-1995
Materias:
Vilanova i la Geltrú
Idioma:
Español
MARC
| LEADER | 00000naa a2200000 a 4500 | ||
|---|---|---|---|
| 003 | Arxiu | ||
| 005 | 20260324181030.0 | ||
| 008 | 160829s1955 spcaxx s spa c | ||
| 040 | |a AGDB | ||
| 100 | 0 | |a Mestre-Jou |9 25913 | |
| 245 | 1 | 0 | |a Villanueva y Geltrú : |b la ciudad marinera / |c Mestre-Jou |
| 300 | |b Il·lustracions | ||
| 490 | |a San Jorge, |v núm. 19 (juliol 1955), pàg 22-25 | ||
| 500 | |a Fotografies: Jacques Léonard | ||
| 651 | 0 | |a Vilanova i la Geltrú |9 50831 | |
| 700 | 1 | |9 55136 |a Léonard, Jacques, |d 1909-1995 |e fotografies | |
| 773 | |g Núm. 19 (juliol 1955), pàg 22-25 |t San Jorge. | ||
| 901 | |a Arxiu | ||
| 942 | |n 1 |2 udc |c ART | ||
| 952 | |0 0 |1 0 |4 0 |6 REV510 |7 1 |9 65193 |a Arxiu |b Arxiu |d 2023-02-01 |l 0 |o Rev-510 |r 2023-02-01 00:00:00 |w 2023-02-01 |y ARXIU |z També disponible a Rev-524 | ||
| 999 | |c 46397 |d 46397 | ||